The restaurant, a geographical approach : from invention to gourmet tourist destinations /

This book analyzes the way in which restaurants are geographical objects that reveal locational logics and strategies, and how restaurants weave close relationships with the space in which they are located. Originating from cities, restaurants feed off the urban environment as much as they feed it &...

Full description

Bibliographic Details
Main Author: Etcheverria, Olivier, (Author)
Format: eBook
Language:English
Published: London ; Hoboken, New Jersey : ISTE : Wiley, [2020]
Series:Science, society and new technology series. Tourism and mobility systems set ; Volume 3
Subjects:
Online Access:Click to View
LEADER 02735nam a2200397 i 4500
001 EBC6154235
003 MiAaPQ
005 20200710112257.0
006 m o d |
007 cr cnu||||||||
008 200710s2020 enk o 000 0 eng d
020 |z 9781786304346 
020 |a 9781119721352 (e-book) 
035 |a (MiAaPQ)EBC6154235 
035 |a (Au-PeEL)EBL6154235 
035 |a (OCoLC)1155328491 
040 |a MiAaPQ  |b eng  |e rda  |e pn  |c MiAaPQ  |d MiAaPQ 
050 4 |a TX908  |b .E834 2020 
082 0 |a 647.95  |2 23 
100 1 |a Etcheverria, Olivier,  |e author. 
245 1 4 |a The restaurant, a geographical approach :  |b from invention to gourmet tourist destinations /  |c Olivier Etcheverria. 
264 1 |a London ;  |a Hoboken, New Jersey :  |b ISTE :  |b Wiley,  |c [2020] 
264 4 |c 2020 
300 |a 1 online resource (313 pages). 
336 |a text  |b txt  |2 rdacontent 
337 |a computer  |b c  |2 rdamedia 
338 |a online resource  |b cr  |2 rdacarrier 
490 0 |a Science, society and new technology series. Tourism and mobility systems set ;  |v Volume 3 
520 |a This book analyzes the way in which restaurants are geographical objects that reveal locational logics and strategies, and how restaurants weave close relationships with the space in which they are located. Originating from cities, restaurants feed off the urban environment as much as they feed it ' participating in the qualification, differentiation and hierarchy of cities. Indeed, restaurants in both the city and the countryside maintain a dialogical relationship with tourism. They can be vital players in the establishment of emerging types of gourmet tourism, sometimes even constituting as gourmet tourist destinations in their own right. They participate in the establishment of necessary conditions for local development. Some restaurants are even praised as historic sites, recognized as part of the local heritage, which reinforces their localization and their identity as a gourmet tourist destination. 
588 |a Description based on print version record. 
590 |a Electronic reproduction. Ann Arbor, MI : ProQuest, 2018. Available via World Wide Web. Access may be limited to ProQuest affiliated libraries. 
650 0 |a Restaurants  |x History. 
655 4 |a Electronic books. 
776 0 8 |i Print version:  |a Etcheverria, Olivier.  |t Restaurant, a geographical approach : from invention to gourmet tourist destinations.  |d London ; Hoboken, New Jersey : ISTE ; Wiley, c2020   |h 313 pages   |k Science, society and new technology series. Tourism and mobility systems set ; Volume 3   |z 9781786304346   |w (DLC) 2020930311 
797 2 |a ProQuest (Firm) 
856 4 0 |u https://ebookcentral.proquest.com/lib/matrademy/detail.action?docID=6154235  |z Click to View